| 000 | 00552nam a2200205Ia 4500 | ||
|---|---|---|---|
| 003 | OSt | ||
| 005 | 20250131110738.0 | ||
| 008 | 210716s1994 xx 000 0 und d | ||
| 020 | _a0316955280 | ||
| 040 | _cAIMIT LIBRARY | ||
| 041 | _aeng | ||
| 082 |
_a808.83 _21 _bWOUH |
||
| 100 |
_aWouk, Herman. _9196573 |
||
| 245 |
_aGlory / _cBy Herman Wouk. |
||
| 250 | _a1st ed. | ||
| 260 |
_aBoston : _bLittle Brown and Company ; _c1994. |
||
| 300 |
_a670p. ; _bPB _c17 cm. |
||
| 650 |
_aCousins berkowitz _9196574 |
||
| 942 |
_2ddc _cBK _e1st ed. _k808.83 WOUH |
||
| 999 |
_c199961 _d199961 |
||